Vývojové poruchy čtení /

Uložené v:
Podrobná bibliografia
Hlavný autor: Matějček, Zdeněk, 1922-2004 (Author)
Médium: Kniha
Jazyk:Czech
Vydané: Praha : Státní pedagogické nakladatelství, 1978.
Vydanie:4. vyd.
ISBN: (viaz.)
Fyzický popis: 246 s.
Tagy: Pridať tag
Žiadne tagy, Buďte prvý kto otaguje tento záznam!

MARC

LEADER 00000cam a22000007a 4500
001 000238299
005 20091027150342.0
008 960207s1978 xr cze d
020 |a (viaz.) 
040 |a SVKKK  |b slo  |c SVKKK  |e AACR2 
041 0 |a cze 
044 |a xr  |c CZ 
100 1 |a Matějček, Zdeněk,  |d 1922-2004  |4 aut 
245 1 0 |a Vývojové poruchy čtení /  |c Zdeněk Matějček. 
250 |a 4. vyd. 
260 |a Praha :  |b Státní pedagogické nakladatelství,  |c 1978. 
300 |a 246 s. 
504 |a Obsahuje bibliografii. 
910 |a svkkk 
998 |a BK 
090 |g SCKHL  |k Sklad Pribinova 2. posch.  |a II.237410  |j 572657  |i 2720106864  |s Absenčne 
090 |g SCKHL  |k Sklad Pribinova 2. posch.  |a II.238837  |j 576230  |i 2720189811  |s Absenčne 
090 |g SCKHL  |k Sklad Pribinova 2. posch.  |a II.238838  |j 576231  |i B169816  |s Absenčne 
090 |g SCKHL  |k Sklad Pribinova 2. posch.  |a II.238839  |j 576232  |i 2720153283  |s Absenčne